000 00393cam a22001217a 4500
008 180718b1988 xxu||||| |||| 00| 0 eng d
082 _aA81x54 In2/81/13/PT10/C
100 _aCensus of India 1981
245 _aManipur: survey report on village, Ithing
260 _aDelhi
_bThe Controller of Publications
_c1988
300 _a77+p.
440 _aCensus of India 1981. Series-13, Manipur. Part-X C
999 _c483096
_d483096